000 01287nam a2200241Ii 4500
003 JO-AjNU
005 20240624114526.0
008 230605s9999||||xx |||||||||||||| ||und||
040 _aJO-AjNU
_bara
_erda
_cJO-AjNU
041 _aara
050 1 4 _aBF77.2022
100 1 _aالصمادي، نجاح حمود عبداللة
_eمعد
_965540
245 1 0 _aدرجة استخدام استراتيجية تحليل السلوك والفاعلية الذاتية لدى معلمي غرف مصادر التعلم في محافظة اربد = The Degree of Using the Strategy of Behavior Analysis and Self-Efficacy Among Learning Resource Room Teachers in Irbid Governorate
_cاعداد نجاح حمود عبداللة الصمادي ؛ إشراف محمد احمد شحادة العمري
260 _c2022
300 _a111ورقة
336 _atext
_btxt
_2rdacontent
337 _aunmediated
_bn
_2rdamedia
338 _avolume
_bnc
_2rdacarrier
500 _aرسالة جامعية(اطروحة ماجستير) تخصص صعوبات التعلم/كلية العلوم التربوية، جامعة عجلون الوطنية، 2022
650 4 _aالسلوك-جوانب نفسيه
_963268
700 1 _aالعمري، محمد احمد شحادة
_965542
_eمشرف
942 _2lcc
_cTHS
999 _c32256
_d32256